Performance of oriental rubber clones under the ecological conditions of Una, Bahia (Record no. 64753)

MARC details
000 -LEADER
fixed length control field 00396nam a2200145Ia 4500
100 ## - MAIN ENTRY--AUTHOR NAME
Personal name Marques J R B
245 #0 - TITLE STATEMENT
Title Performance of oriental rubber clones under the ecological conditions of Una, Bahia
260 ## - PUBLICATION, DISTRIBUTION, ETC. (IMPRINT)
Name of publisher Agrotropica
Year of publication 1990
300 ## - PHYSICAL DESCRIPTION
Number of Pages 81-88
500 ## - GENERAL NOTE
General note Source Year: 1993
650 ## - SUBJECT ADDED ENTRY--TOPICAL TERM
Topical Term Rubber clone
856 ## - ELECTRONIC LOCATION AND ACCESS
Uniform Resource Identifier PBA
942 ## - ADDED ENTRY ELEMENTS (KOHA)
Koha item type Journals
Holdings
Withdrawn status Lost status Damaged status Not for loan Home library Current library Shelving location Date acquired Serial Enumeration / chronology Koha item type
      Journals RRII Library RRII Library Soils and agonomy 17/12/2021 Volume 2, Issue 2 Journals